Slovenian 1990s Music Quiz: Name the Artist - Statistics

General Stats
  • This quiz has been taken 10 times
    9 since last reset
  • The average score is 11 of 30
Answer Stats
Song Release Date Artist % Correct
Laure ni več 1998 Miran Rudan
89%
Sam en majhen poljub 1999 Peter Lovšin
78%
Pot v X 1999 Siddharta
78%
Led s severa 1999 Big Foot Mama
67%
Moja teta Estera 1998 Mi2
67%
Še je čas 1998 Vlado Kreslin
67%
Sem takšen, ker sem živ 1996 Faraoni
56%
Naj pada zdaj dež 1999 Foxy Teens
56%
Pimpek 1997 Agropop
44%
Ciganska kri 1991 Oto Pestner
44%
Eks za ex ljubico 1995 Adi Smolar
33%
Zeleni Jure 1994 Magnifico
33%
Še si tu 1995 Marta Zore
33%
Jaz nimam noč za spanje 1990 Šank Rock
33%
Za vsako rano 1998 Tanja Ribič
33%
Odšla bom še to noč 1994 Anja Rupel
22%
Jutro je reklo 1998 Dan D
22%
Moj dom 1990 Helena Blagne
22%
Zadnja večerja 1994 Lačni Franz
22%
War 1995 Laibach
22%
Vzemi me veter 1999 Nuša Derenda
22%
Sive ceste 1999 Panda
22%
Kot ptica 1996 Vili Resnik
22%
Ali veš da te ljubim 1996 Janez Bončina
11%
Ne budi me 1998 Natalija Verboten
11%
Takoj se dava dol 1995 Pomaranča
11%
Zakaj 1999 Tinkara Kovač
11%
V nasmehu nekega dneva 1992 Tomaž Pengov
11%
Ljubi in sovraži 1992 Videosex
11%
Lim 1997 Zablujena Generacija
11%
No matching quizzes found
Score Distribution
Percent of People with Each Score
Percentile by Number Answered
Your Score History
You have not taken this quiz since the last reset